000 00927cam a2200289 a 4500
001 117144
005 20230410121024.0
008 000524s2001 maua b 001 0 eng
035 _a12019277
010 _a 00104954
020 _a0618162178
040 _aDLC
_cDLC
_dDLC
043 _an-us---
050 1 4 _aJK 276
_bW749a 2001
082 0 0 _a320.473
_221
100 1 _aWilson, James Q.
245 1 0 _aAmerican government :
_bthe essentials /
_cJames Q. Wilson, John J. DiIulio, Jr.
250 _a8th ed.
260 _aBoston :
_bHoughton Mifflin Co.,
_cc2001.
300 _axv, 511, A1-32, G1-10, N1-10, I1-19, C1-2 p. :
_bill. (some col.) ;
_c26 cm.
504 _aIncludes bibliographical references (p. N1-10) and index.
651 0 _aUnited States
_xPolitics and government.
651 4 _aEstados Unidos
_xPolĂ­tica y gobierno
700 1 _aDiIulio, John J.,
_cJr.,
_d1958-
942 _2lcc
_cbk
946 _aYSL
999 _c56395
_d56395